Mechanical vibrations (Record no. 983)

000 -LEADER
fixed length control field 00377nam a22001577a 4500
008 - FIXED-LENGTH DATA ELEMENTS--GENERAL INFORMATION
fixed length control field 200103b ||||| |||| 00| 0 eng d
082 00 - DEWEY DECIMAL CLASSIFICATION NUMBER
Classification number 620.1123
Item number C6671
100 ## - MAIN ENTRY--PERSONAL NAME
9 (RLIN) 546
Personal name Collacott, R. A.
245 10 - TITLE STATEMENT
Title Mechanical vibrations
250 ## - EDITION STATEMENT
Edition statement 1st
260 ## - PUBLICATION, DISTRIBUTION, ETC. (IMPRINT)
Place of publication, distribution, etc London
Name of publisher, distributor, etc Pitaman
Date of publication, distribution, etc 1947
300 ## - PHYSICAL DESCRIPTION
Extent 200p.
365 ## - TRADE PRICE
Unit of pricing 8.07
650 #0 - SUBJECT ADDED ENTRY--TOPICAL TERM
Topical term or geographic name as entry element Vibration
942 ## - ADDED ENTRY ELEMENTS (KOHA)
Item type Books
Holdings
Withdrawn status Lost status Source of classification or shelving scheme Damaged status Not for loan Permanent location Current location Date acquired Source of acquisition Full call number Barcode Date last seen Koha item type
          IMU Kolkata IMU Kolkata 1953-10-22 A. H. Wheeler 620.1123 C6671 00639 2020-01-03 Books
Designed and Maintained by IMU-KC Library, Kolkata Campus © Copyright All Rights Reserved

webs counters

Powered by Koha